000 00622nam a2200277Ia 4500
005 20260324112241.0
008 008 260324s9999 xx 000 0 eng d
020 _a9781032638409
037 _aEBOOK
040 _aCRL
040 _beng
040 _cCRL
041 _2eng
041 _aeng
084 _qCRL
100 _aRichard Jones
_91141911
245 0 _aReporting the Courts
260 _bTaylor and Francis
260 _c2024
365 _a
365 _b220
856 _uhttp://www.taylorfrancis.com/books/9781032638409
942 _cEBOOK
999 _c1731055
_d1731055